Villes d'Europe sur une carte par lettre - D - Statistiques

Statistiques générales
  • Ce quiz a été pris 314 fois
  • Le résultat moyen est 5 sur 10
Réponses sur la Carte
Les réponses sont colorées sur une échelle allant du rouge au vert en fonction du pourcentage des utilisateurs qui les ont devinées à leur premier essai. Vous pouvez retrouver ces pourcentages ci-dessous.
 
Statistiques - réponses
Ville en D % Correct
Dublin
97%
Dijon
90%
Düsseldorf
72%
Dresde
62%
Douai
54%
Donetsk
52%
Dundee
41%
Dnipro (Dniepropetrovsk)
30%
Debrecen
25%
Durrës
17%
Aucun quiz correspondant
Distribution des résultats
% des personnes avec chaque résultat
Percentile par nombre de réponses
Votre historique - résultats
Vous n’avez pas pris ce quiz